00626nam a22001697a 4500008004100000020001600041020001800057050002300075100002100098245006700119260006000186300002000246500003700266650006400303650002200367650006700389161107b xxu||||| |||| 00| 0 eng d a0892362871  a9780892362875 aND 623 .M3A62 1997 aCarr, Dawson W.  aAndrea Mantegna : bthe Adoration of the Magi/cDawson W. Carr aLos Angeles, Calif. : bJ. Paul Getty Museum, c©1997. a100p. :bill. ; aIncludes bibliography and index. aMantegna, Andrea, x1431-1506. yAdoration of the Magi.  a Magi xArt.  aMantegna, Andrea, x1431-1506 yCriticism and interpretation.